Statistics for Kviz o Mađarskoj

Click here to take the quiz!

General Stats

  • This quiz has been taken 83 times
  • The average score is 9 of 14

Answer Stats

HintAnswer% Correct
Službeni jezikMađarski
100%
Navedi jednu od susjednih zemaljaSlovenija | Austrija | Slovačka | Ukrajina | Rumunjska | Srbija | Hrvatska
100%
Glavni gradBudimpešta
99%
Gusta juha od mesa, povrća i začinaGulaš
78%
Službena valuta u MađarskojForinta
76%
Nizina na kojoj se nalazi Mađarska{Panonska} nizina
68%
Najveće jezeroBalaton
66%
Poznati izum Ernőa RubikaRubikova kocka
61%
Nogometaš koji je zabio više od 700 golovaFerenc Puskás
52%
Zemlja koja je izvršila invaziju na Mađarsku 1956. god.Sovjetski Savez
47%
Tradicionalna regija podijeljena između Mađarske i HrvatskeBaranja
42%
Drugi najveći gradDebrecen
27%
Skladatelj "Mađarskih rapsodija"Franz Liszt
24%
Prvi mađarski kraljStjepan I.
24%

Score Distribution

Percentile by Number Answered

Percent of People with Each Score

Your Score History

You have not taken this quiz